Meždunarodnyje transportnyje organizacii

Uložené v:
Podrobná bibliografia
Ďalší autori: Serebrjakov, V.V
Médium: Kniha
Jazyk:Russian
Vydavateľské údaje: Moskva Transport 1986
Vydanie:1. izd.
Tagy: Pridať tag
Žiadne tagy, Buďte prvý, kto otaguje tento záznam!

MARC

LEADER 00000nam a2200000 4500
001 c024553
005 20221220072036.1
041 0 |a rus 
044 |a RU 
245 1 0 |a Meždunarodnyje transportnyje organizacii  |c Red. V.V Serebrjakov 
250 |a 1. izd. 
264 1 |a Moskva  |b Transport  |c 1986 
300 |a 582 s. 
700 1 |a Serebrjakov, V.V